| 000 | 00372nam a2200145 a 4500 | ||
|---|---|---|---|
| 001 | 5032 | ||
| 003 | CDMR | ||
| 005 | 20130220082306.0 | ||
| 008 | 130130s2007||||||||||||||||||||||||||||d | ||
| 040 |
_aCDMR _bcat _cCPC LLEIDA |
||
| 110 |
_92824 _aMuseu d'art Jaume Morera |
||
| 245 | 3 | _aLa generació dels 60 | |
| 260 |
_aLleida _c2007 _bMuseu d'Art Jaume Morera |
||
| 942 |
_cMON _2ddc |
||
| 999 |
_c5032 _d5032 |
||